Normal view
MARC view
Entry Topical Term
001 - CONTROL NUMBER
- control field: 52258
003 - CONTROL NUMBER IDENTIFIER
- control field: ARRUPE
005 - DATE AND TIME OF LATEST TRANSACTION
- control field: 20230327103642.0
008 - FIXED-LENGTH DATA ELEMENTS
- fixed length control field: 230327|| aca||aabn | a|a d
040 ## - CATALOGING SOURCE
- Original cataloging agency: ARRUPE
- Transcribing agency: ARRUPE
150 ## - HEADING--TOPICAL TERM
- Topical term or geographic name as entry element: Christianity and other religions;
- Form subdivision: buddism
670 ## - SOURCE DATA FOUND
- Source citation: Work cat.: (ARRUPE)131703: Pieris, Aloysius SJ 52257, love meets freedom;, 1988.